Ngọn lửa

Uloženo v:
Podrobná bibliografie
Hlavní autor: Học Phi
Médium: Kniha
Jazyk:Vietnamese
Témata:
Tagy: Přidat tag
Žádné tagy, Buďte první, kdo otaguje tento záznam!
Thư viện lưu trữ: Mạng thư viện Đại học Đà Nẵng
LEADER 00923nam a2200301 4500
001 000005453
003 1597
005 20120417090422.0
008 110816s viesd
020 |c 12000đ 
041 0 |a vie 
082 |a 895.9223  |b HO-P 
100 0 |a Học Phi 
245 0 |a Ngọn lửa  |c Học Phi 
300 |a H.  |b Văn học  |c 1981 
653 |a Văn học Việt Nam 
653 |a Tiểu thuyết 
910 |a Huỳnh Thị Cẩm Lai 
OWN |a LSP 
AVA |a UDN50  |b LSP  |d 895.9223 HO-P  |e unavailable  |t Error 5002 Not defined in file expand_doc_bib_avail.  |f 1  |g 1  |h N  |i 0  |k 1 
999 |a From the UDN01 
AVA |a UDN50  |b LSP  |d 895.9223 HO-P  |e unavailable  |t Error 5002 Not defined in file expand_doc_bib_avail.  |f 1  |g 1  |h N  |i 0  |k 1 
TYP |a Monograph 
TYP |a Printed language 
980 |a Mạng thư viện Đại học Đà Nẵng